Digital wallet (Record no. 11364)
[ view plain ]
| 000 -LEADER | |
|---|---|
| fixed length control field | 00511 a2200157 4500 |
| 082 ## - DEWEY DECIMAL CLASSIFICATION NUMBER | |
| Classification number | BICSE-6 |
| 100 ## - MAIN ENTRY--PERSONAL NAME | |
| Personal name | Muhammad Nouman Malik |
| 9 (RLIN) | 93095 |
| 245 ## - TITLE STATEMENT | |
| Title | Digital wallet |
| Statement of responsibility, etc. | Muhammad Nouman Malik |
| 260 ## - PUBLICATION, DISTRIBUTION, ETC. | |
| Place of publication, distribution, etc. | Islamabad |
| Name of publisher, distributor, etc. | NUST-SEECS |
| Date of publication, distribution, etc. | 2012 |
| 300 ## - PHYSICAL DESCRIPTION | |
| Extent | 65p. |
| Other physical details | ;ill. |
| Dimensions | ;27cm.+ |
| Accompanying material | CD ROM |
| 500 ## - GENERAL NOTE | |
| General note | Supervisors; Mr. Kamran Zaidi, Mr. Abdul Ghafoor |
| 563 ## - BINDING INFORMATION | |
| Binding note | HB |
| 700 ## - ADDED ENTRY--PERSONAL NAME | |
| Personal name | Aisha Bibi, Sikandar Ali khan |
| 9 (RLIN) | 93096 |
| 856 ## - ELECTRONIC LOCATION AND ACCESS | |
| Uniform Resource Identifier | <a href=" http://10.250.8.41:8080/xmlui/handle/123456789/10744"> http://10.250.8.41:8080/xmlui/handle/123456789/10744</a> |
| 942 ## - ADDED ENTRY ELEMENTS (KOHA) | |
| Koha item type | Project Report |
| Call number prefix | BICSE-6 NOU |
| Source of classification or shelving scheme | |
| Withdrawn status | Lost status | Source of classification or shelving scheme | Damaged status | Not for loan | Permanent Location | Current Location | Date acquired | Full call number | Barcode | Date last seen | Price effective from | Koha item type |
|---|---|---|---|---|---|---|---|---|---|---|---|---|
| WITHDRAWN | Central Library (CL) | Central Library (CL) | 07/05/2022 | BICSE-6 NOU | SEECSP01166 | 11/14/2012 | 11/14/2012 | Project Report |
